UM Logo

The Likhaan anthology of Philippine English literature in English from 1900 to the present/ (Record no. 6649)

MARC details
000 -LEADER
fixed length control field 00663nam a22001817a 4500
008 - FIXED-LENGTH DATA ELEMENTS--GENERAL INFORMATION
fixed length control field 170424b xxu||||| |||| 00| 0 eng d
020 ## - INTERNATIONAL STANDARD BOOK NUMBER
International Standard Book Number 9715422144
082 ## - DEWEY DECIMAL CLASSIFICATION NUMBER
Edition number 1998
Classification number DFil 899.211
Item number L62
100 ## - MAIN ENTRY--PERSONAL NAME
9 (RLIN) 20137
Personal name Abad, Gemino H.
Relator term General Editor
245 ## - TITLE STATEMENT
Title The Likhaan anthology of Philippine English literature in English from 1900 to the present/
Statement of responsibility, etc. Gemino H. Abad, General editor.
260 ## - PUBLICATION, DISTRIBUTION, ETC. (IMPRINT)
Place of publication, distribution, etc. Quezon City:
Name of publisher, distributor, etc. UP Press,
Date of publication, distribution, etc. c1998.
300 ## - PHYSICAL DESCRIPTION
Extent 587 pages;
Dimensions 23 cm.
500 ## - GENERAL NOTE
General note Includes bibliographical references.
650 #0 - SUBJECT ADDED ENTRY--TOPICAL TERM
9 (RLIN) 20138
Topical term or geographic name as entry element Literature
General subdivision Collected works.
650 #0 - SUBJECT ADDED ENTRY--TOPICAL TERM
9 (RLIN) 20139
Topical term or geographic name as entry element Philippine literature.
365 ## - TRADE PRICE
Price amount 975.00
Currency code Php.
942 ## - ADDED ENTRY ELEMENTS (KOHA)
Source of classification or shelving scheme Dewey Decimal Classification
Koha item type Filipiniana
Holdings
Withdrawn status Lost status Source of classification or shelving scheme Damaged status Not for loan Collection code Home library Current library Date acquired Source of acquisition Total Checkouts Full call number Barcode Date last seen Copy number Cost, replacement price Price effective from Koha item type
    Dewey Decimal Classification     Filipiniana UM Digos College - LIC UM Digos College - LIC 09/01/2004 Purchased   DFil 899.211 L62 1998 17660 05/15/2025 1 975.00 04/24/2017 Filipiniana
    Dewey Decimal Classification     Filipiniana UM Digos College - LIC UM Digos College - LIC 11/30/2004 Purchased   DFil 899.211 L62 1998 18012 05/15/2025 2 975.00 04/24/2017 Filipiniana